00924cam 2200277 a 4500001000800000005001700008008004100025906004500066010001700111020002500128020003100153040001800184050002300202082001400225100001800239245012100257260003300378300003500411500002000446650001300466700002000479700003200499710002500531991006200556099002800618468037120010613153028.0820127s1982 nyua 001 0 eng  a7bcbccorignewd1eocipf19gy-gencatlg a 81043782  a0894802038 :c$14.95 a0894802046 (pbk.) :c$8.95 aDLCcDLCdDLC00aTX715b.R8414 198200a641.52191 aRosso, Julee.14aThe Silver Palate cookbook /cby Julee Rosso & Sheila Lukins with Michael McLaughlin ; illustrated by Sheila Lukins. aNew York :bWorkman,cc1982. axiii, 362 p. :bill. ;c26 cm. aIncludes index. 0aCookery.1 aLukins, Sheila.1 aMcLaughlin, Michael,d1954-2 aSilver Palate (Shop) bc-GenCollhTX715i.R8414 1982p00039070212tCopy 1wBOOKS arosso-silver-1072542990